| 000 | 00603nam a2200181 i 4500 | ||
|---|---|---|---|
| 001 | bgj | ||
| 100 | 1 |
_aKINGSLEY, Charles _d(1819-1875) |
|
| 245 | 1 | 0 |
_aThe Heroes / _cby Charles Kingsley ; illustrated with four colour plates and line drawings in the text by Joan Kiddel-Monroe. |
| 260 |
_aLondon : _bJ. M. Dent & Sons, _c1963. |
||
| 300 |
_aV, 210, [4 plates of col. ill] pp : _bill. ; _c22 cm. |
||
| 650 | 9 | _aMythology, Greek | |
| 655 | _aJuvenile literature | ||
| 700 | 1 |
_aKIDDEL-MONROE, Joan. _eill. |
|
| 040 | _cBPK | ||
| 041 | 0 | _aeng | |
| 942 | _cKS | ||
| 008 | s uk f |000 0 eng | ||
| 999 |
_c48909 _d48909 |
||
| 856 |
_uhttp://koha.tu.koszalin.pl/cgi-bin/koha/opac-detail.pl?biblionumber=48909 _yKatalog online BPK |
||